Numberblocks Personalities - Statistics

General Stats
  • This quiz has been taken 169 times
  • The average score is 8 of 10
Answer Stats
Question Answer % Correct
One Usually Cheerful
97%
Nine Hates Sneezing
94%
Four Loves Squares
94%
Eight Heroic
91%
Seven Lucky
91%
Thirteen Clumsy
88%
Eleven Loves Football
88%
1 000 000 000 Unknown
70%
Three Boastful
61%
Sixty-Four Loves Time Travel and Ugliness
42%
No matching quizzes found
Score Distribution
Percent of People with Each Score
Percentile by Number Answered
Your Score History
You have not taken this quiz